| 000 | 00714nam a2200145 a 4500 | ||
|---|---|---|---|
| 008 | 090518s2006 ||||||||||||||||| || u | ||
| 050 | _aZAM.PER-NRFA(058) | ||
| 110 | _aZambia National Road Fund Agency (NRFA) | ||
| 245 | 1 | 0 | _aNational Road Fund Agency :annual report 2006 |
| 260 |
_aLusaka _bZambia National Road Fund Agency _c2006 |
||
| 300 | _a64p. ;ill | ||
| 350 | _a0.00 | ||
| 995 |
_aSPECIAL COLLECTIONS _D0.00 _e03003996 _FCBU-MAIN LIBRARY (Kitwe) _H1 _I0.00 _jZAM.PER-NRFA(058)A5/06B _M1 _UAVAILABLE _WMay 19, 2009 _yZ03003996 _ZZambiana Collection |
||
| 995 |
_aSPECIAL COLLECTIONS _D0.00 _e03003995 _FCBU-MAIN LIBRARY (Kitwe) _H1 _I0.00 _jZAM.PER-NRFA(058)A5/06A _M1 _UAVAILABLE _WMay 19, 2009 _yZ03003995 _ZZambiana Collection |
||
| 999 |
_c78721 _d78721 |
||